Тест на общие знания №2 - Statistics

General Stats
  • This quiz has been taken 104 times
  • The average score is 9 of 20
Answer Stats
Вопрос Ответ % Correct
Сколько раз, согласно выражению, нельзя войти в одну и ту же реку? два
95%
Что производится на фабрике Вилли Вонки? шоколад
84%
Перья какой птицы окрашены в розовый цвет благодаря питанию рачками, насыщенными каротиноидами ? фламинго
75%
В какой стране можно найти такие города, как Санкт-Петербург, Мемфис, Афины и Берлин? Соединённые Штаты Америки
73%
Из какого материала производятся грифели для карандашей? графит
60%
Какой знак долгое время был символом буддизма, однако с 1930-х годов он имеет плохие ассоциации у большинства людей? свастика
58%
В каком аниме-сериале есть такие персонажи, как Эрен, Армин и Микаса? "Атака титанов"
51%
Кто такие чероки, навахо и апачи? индейские племена
47%
Какое слово происходит от французского словосочетания, в переводе означающее "вода из Кёльна"? одеколон
38%
Самый высокий вид деревьев в мире? гигантская секвойя
37%
Назовите бога торговли из греческой мифологии Гермес
36%
Как называются самцы пчёл, чья основная функция - оплодотворение самок? трутни
34%
У кислорода их 8, у хлора - 17, у серебра - 47. Что это? электроны в атоме
29%
К какому типу слов относятся слова "шабаш", "дед", "кок"? палиндром
27%
Какой режиссёр снял три из четырёх самых кассовых фильмов в истории? Джеймс Кэмерон
26%
Главным врагом какого супергероя является Лекс Лютор? Супермен
23%
В какой стране в XIX веке власть захватил религиозный деятель, думавший, что он - младший брат Иисуса? Китай
18%
Чем 40 лет питался еврейский народ в пустыне? манна
18%
Как назывался легендарный замок короля Артура? Камелот
16%
Кто три раза становился "человеком года" по версии журнала "Time"? Франклин Рузвельт
8%
No matching quizzes found
Score Distribution
Percent of People with Each Score
Percentile by Number Answered
Your Score History
You have not taken this quiz